00818nam a2200205 i 4500001000700000003000900007005001700016007000300033008004100036100002100077245015200098250002500250260004500275300002000320500010700340650004700447650004900494700003500543852003400578144775ES-MaACL20250630203624.0t|070214s1981 sp r ||||1| spa d1 aSlaby, Rudolf J.10aDiccionario de las lenguas española y alemana b: = Worterbuch der spanischen und deutschen Sprache / cpor Rodolfo J. Slaby y Rodolfo Grossmann. a4ª ed., rev. y amp. aBarcelona : bHerder, c1981 (fGrafesa) a2 v. ; c25 cm. aContiene: I . Español-alemán = Spanisch-Deutsch ------ II . Alemán-español = Deutsch-Spanisch.04aLengua alemana-vDiccionarios-xEspañol.04aLengua española-vDiccionarios-xAlemán.1 aGrossmann, Rudolf, d1892-1980 aES-MaACLjL-6885-6 bR.106741